000 00619nam a22002057a 4500
999 _c9975
_d9975
003 AR-CdUCM
008 190329b ||||| |||| 00| 0 spa d
040 _aMUNICIPALIDAD PROVINCIAL DEL CUSCO
_cBIBLIOTECA MUNICIPAL DEL CUSCO
082 _a869.963 /
_bV36C / 1910
100 _aVasseur, Armando
_926545
245 _aCantos del nuevo mundo ... /
260 _aValecnia :
_bSempere y Compañía,
_c1910.
300 _aXII, 310 páginas ;
_c18 cm.
505 _aContenido: Poesía.
650 _aPoesías cubanas
_917349
650 _aSiglo XX
_98
650 _aLiteratura
_983
942 _2ddc
_cLIBROS
945 _aachl